Départements du Centre Val de Loire - Statistiques

Statistiques générales
  • Ce quiz a été pris 173 fois
  • Le résultat moyen est 5 sur 6
Statistiques - réponses
Numéro Département % Correct
45 Loiret
94%
36 Indre
86%
41 Loir-et-Cher
86%
18 Cher
84%
37 Indre-et-Loire
82%
28 Eure-et-Loir
76%
Aucun quiz correspondant
Distribution des résultats
% des personnes avec chaque résultat
Percentile par nombre de réponses
Votre historique - résultats
Vous n’avez pas pris ce quiz